000 00493nam a2200181 i 4500
001 150970
003 ES-MaACL
005 20230906203759.0
007 t|
008 071123s1919 fr ||||1| fre d
100 1 _aChevrillon, André.
_938442
245 1 0 _aMarrakech dans les palmes /
_cAndré Chevrillon.
250 _a4e éd.
260 _aParis :
_bCalmann-Lévy,
_c[1919?]
300 _a386 p. ;
_c19 cm.
651 4 _aMarruecos-
_xDescripción.
_99025
852 _aES-MaACL
_jF-10062
999 _c150970
_d150970